• 首页
  • 本馆介绍
  • 公告通知
  • 最新文献
  • 馆藏检索
  • 电子资源
  • 读者导购
  • 参考咨询
  • 我的图书馆
  • 登录
  • 详细信息显示
  • 放入我的书架
  • 预约/预借图书
  • 作者相关作品
  • 分类相关作品
  • 丛书相关作品
  • 出版社相关作品

书目信息

  • 表格格式
  • 工作单格式
  • 卡片格式
题名:
生活·创作·时代灵魂
    
 
作者: 丁玲 著
分册:  
出版信息: 长沙   湖南人民出版社  1981
页数: 280页
开本: 19cm
丛书名:
单 册:
中图分类: I03
科图分类:
主题词: 文艺工作者
电子资源:
ISBN:
000 00613nam0 2200229 45
001 0181007991
005 20060815171127.15
010    @dCNY0.75
091    @b10109.1403
100    @a19950421d1981 em y0chiy0121 ea
101 0  @achi
102    @aCN@b430000
105    @ay z 000cy
200 10 @a生活·创作·时代灵魂@ASheng Huo·Chuang Zuo·Shi Dai Ling Hun@f丁玲著
210    @a长沙@c湖南人民出版社@d1981
215    @a280页@d19cm
606 0  @a文艺工作者
690    @aI03
701  0 @a丁玲@Ading ling@4著
801  0 @aCN@b上海图书馆@c20060815
801  2 @aCN@bNLC@c20060802
905    @f4@b72199-202@dI03@e21
    
    生活·创作·时代灵魂/丁玲著.-长沙:湖南人民出版社,1981
    280页;19cm
    
    
    ISBN :CNY0.75
    
●
相关链接 在E读中查询图书 在五车中查询图书 在当当中查询图书 在豆瓣中查询图书


正题名:生活·创作·时代灵魂     索取号:I03/21         预约/预借

序号 登录号 条形码 馆藏地/架位号 状态 备注
1 0072199   000903918   密集书库/ [索取号:I03/21] 在馆    
2 0072200   000903927   密集书库/ [索取号:I03/21] 在馆    
3 0072201   000903856   第二借阅区/ [索取号:I03/21] 在馆    
4 0072202   000903909   密集书库/ [索取号:I03/21] 在馆    
5 0072203   202464412   第一样本阅览室/ [索取号:I03/21] 在馆    
6 0428900   204289000   密集书库/ [索取号:I03/21] 在馆    
7 0457159   204571597   密集书库/ [索取号:I03/21] 在馆    
8 0457160   204571604   密集书库/ [索取号:I03/21] 在馆    
9 0457161   204571613   密集书库/ [索取号:I03/21] 在馆    
10 0457162   204571622   密集书库/ [索取号:I03/21] 在馆    
唐山师范学院图书馆 欢迎您!
大连网信软件有限公司© 版权所有